000 00369nam a2200181Ia 4500
100 _aStevens/Malcolm P
650 _aChemistry
250 _a3
942 _cBK
366 _f20
654 _apolymer
245 _aPolymer Chemistry
260 _bOxford university press
_c2008
082 _a547.7/STE
_bSTE
300 _a551
546 _aENGLISH
999 _c33717
_d33717